US States With the Least Amount of Coastline - Statistics

General Stats
  • This quiz has been taken 229 times
  • The average score is 8 of 10
Answer Stats
km State miles % Correct
292 Rhode Island 181
96%
239 Delaware 149
92%
220 Connecticut 137
89%
325 Alabama 202
88%
25 New Hampshire 16
87%
277 Mississippi 172
85%
491 Georgia 305
83%
784 South Carolina 487
83%
685 New Jersey 426
81%
812 Oregon 505
61%
No matching quizzes found
Score Distribution
Percent of People with Each Score
Percentile by Number Answered
Your Score History
You have not taken this quiz